| 000 | 00594nam a2200229 a 4500 | ||
|---|---|---|---|
| 001 | nice12345678 | ||
| 003 | IN_TiNIC | ||
| 005 | 20260116013251.0 | ||
| 008 | 050524s1994 newa grp 000 0 eng | ||
| 020 |
_a8170950 _c300 |
||
| 082 | 0 | 0 |
_a297.0927 _bGOG |
| 100 | _aGogoi, Aparajita | ||
| 245 |
_aArab Nationalism _b Birth, Evolution and the Present Dilemma |
||
| 260 |
_aNew Delhi _bLancers Book _c1994 |
||
| 300 | _a287p | ||
| 500 | _aincludes index and biblioraphy | ||
| 505 | 2 | _aIndex | |
| 650 | _aIslam-Arab Countries | ||
| 902 | _bSRS | ||
| 942 | _cBK | ||
| 999 |
_c10328 _d10328 |
||